000 00235nam a2200097Ia 4500
001 643385
005 20250826153544.0
008 250824s9999 xx 000 0 und d
245 0 _aKOLEJ GÜNLERİ
_cBERNARD FRIOT
260 _bGENÇ TİMAŞ
999 _c643385
_d643385